| 000 | 003530000a22001450004500 | ||
|---|---|---|---|
| 003 | MACL | ||
| 040 | _aMACL | ||
| 090 |
_c49334 _d49332 |
||
| 100 | _aSaddhaloka | ||
| 245 | _aEncounters with Enlightenment Stories From the Life of The Buddha | ||
| 260 |
_aNew Delhi _bWisdom Tree _c2008 |
||
| 350 | _a145 | ||
| 650 | _aReligion | ||
| 942 |
_cBOOK _k294.3/SAD |
||
| 999 |
_c48813 _d48813 |
||